书目信息 |
| 题名: |
GIS质量评价与可靠性分析
|
|
| 作者: | 胡圣武 编著 | |
| 分册: | ||
| 出版信息: | 北京 测绘出版社 2006.08 |
|
| 页数: | 134页 | |
| 开本: | 24cm | |
| 丛书名: | ||
| 单 册: | ||
| 中图分类: | P208 | |
| 科图分类: | ||
| 主题词: | 地理信息系统--di li xin xi xi tong--质量--评价 , 地理信息系统--di li xin xi xi tong--可靠性--分析 | |
| 电子资源: | ||
| ISBN: | 7-5030-1306-0 | |
| 000 | 01279nam0 2200265 450 | |
| 001 | 012007672125 | |
| 005 | 20070517162412.00 | |
| 010 | @a7-5030-1306-0@dCNY26.00 | |
| 100 | @a20070313d2006 km y0chiy0120 ea | |
| 101 | 0 | @achi |
| 102 | @aCN@b110000 | |
| 105 | @aa a 000yy | |
| 200 | 1 | @aGIS质量评价与可靠性分析@AGIS zhi liang ping jia yu ke kao xing fen xi@d= GIS quality evaluation and reliability analysis@f胡圣武编著@Fhu sheng wu bian zhu@zeng |
| 210 | @a北京@c测绘出版社@d2006.08 | |
| 215 | @a134页@c图@d24cm | |
| 320 | @a有书目 (第127-134页)。 | |
| 330 | @a本书以模糊理论为依据研究了GIS质量评价与可靠性分析的理论、技术和方法。 主要内容包括对GIS的模糊不确定性的研究, 基于粗集和模糊集的GIS不确定性处理和质量评价, GIS的模糊可靠性分析的基本理论, 以及基于模糊数和模糊故障树的GIS模糊可靠性分析。 全书反映了当代GIS质量评价与可靠性分析的新发展和新水平。 | |
| 333 | @a可以作为了解GIS的不确定性理论的研究生教材, 也可作为从事GIS及相关专业的研究人员的参考书。 | |
| 510 | 1 | @aGIS quality evaluation and reliability analysis@zeng |
| 606 | 0 | @a地理信息系统@Adi li xin xi xi tong@x质量@x评价 |
| 606 | 0 | @a地理信息系统@Adi li xin xi xi tong@x可靠性@x分析 |
| 690 | @aP208@v4 | |
| 701 | 0 | @a胡圣武@Ahu sheng wu@4编著 |
| 801 | 0 | @aCN@c20070517 |
| 905 | @a10447@dP208@eH507 | |
| GIS质量评价与可靠性分析= GIS quality evaluation and reliability analysis/胡圣武编著.-北京:测绘出版社,2006.08 |
| 134页:图;24cm |
| 使用对象:可以作为了解GIS的不确定性理论的研究生教材, 也可作为从事GIS及相关专业的研究人员的参考书。 |
| ISBN 7-5030-1306-0:CNY26.00 |
| 本书以模糊理论为依据研究了GIS质量评价与可靠性分析的理论、技术和方法。 主要内容包括对GIS的模糊不确定性的研究, 基于粗集和模糊集的GIS不确定性处理和质量评价, GIS的模糊可靠性分析的基本理论, 以及基于模糊数和模糊故障树的GIS模糊可靠性分析。 全书反映了当代GIS质量评价与可靠性分析的新发展和新水平。 |
| ● |
| 相关链接 |
|
|
|
正题名:GIS质量评价与可靠性分析
索取号:P208/H507
 
预约/预借
| 序号 | 登录号 | 条形码 | 馆藏地/架位号 | 状态 | 备注 |
| 1 | 237278 | 202372789 | 社科二线400B/400B社科库 6排1列6层/ [索取号:P208/H507] | 在馆 | |
| 2 | 237279 | 202372798 | 自科库401/401自科库 115排1列5层/ [索取号:P208/H507] | 在馆 | |
| 3 | 237280 | 202372805 | 社科二线400B/400B社科库 6排1列6层/ [索取号:P208/H507] | 在馆 |